[Event "Tiefenbach op"]
[Site "Tiefenbach"]
[Date "2005.01.16"]
[Round "4"]
[White "Emde, Rainer"]
[Black "Woell, Josef"]
[Result "0-1"]
[WhiteElo "2110"]
[BlackElo "2060"]
[PlyCount "80"]
[EventDate "2005.01.??"]
[EventType "swiss"]
[EventRounds "9"]
[EventCountry "GER"]
[SourceTitle "EXT 2006"]
[Source "ChessBase"]
[SourceDate "2005.11.24"]
[SourceVersion "1"]
[SourceVersionDate "2005.11.24"]
[SourceQuality "1"]

1. d4 d5 2. Nf3 Nf6 3. c4 c6 4. Nc3 e6 5. e3 Bd6 6. b3 Nbd7 7. Bd3 0-0 8. 0-0 e5 9. cxd5 exd4 10. dxc6 Ne5 11. exd4 Nxd3 12. Qxd3 bxc6 13. Bg5 h6 14. Bh4 Re8 15. Rfe1 Be6 16. Ne4 Be7 17. Bxf6 Bxf6 18. Nxf6+ Qxf6 19. Ne5 Bd5 20. Rac1 Rac8 21. Qg3 a5 22. Qc3 Qg5 23. f3 h5 24. Qe3 Qh4 25. Qd2 Qd8 26. Nd3 Qf6 27. Qf4 Qg6 28. Rxe8+ Rxe8 29. Ne5 Qd6 30. Rc5 f6 31. Nd3 Qe6 32. h4 Qe2 33. Nc1 Qd1+ 34. Kh2 Re1 35. Qb8+ Kh7 36. Qf8 Rh1+ 37. Kg3 Qe1+ 38. Kf4 Rxh4+ 39. g4 Qd2+ 40. Kg3 Qh2# 0-1

[Event "Alpenpokal op 30th"]
[Site "Tiefenbach"]
[Date "2004.??.??"]
[Round "6"]
[White "Siegmund, Rainer"]
[Black "Woell, Josef"]
[Result "1/2-1/2"]
[WhiteElo "1960"]
[BlackElo "1878"]
[PlyCount "29"]
[EventDate "2004.01.08"]
[EventType "swiss"]
[EventRounds "9"]
[EventCountry "GER"]
[SourceTitle "EXT 2006"]
[Source "ChessBase"]
[SourceDate "2005.11.24"]
[SourceVersion "1"]
[SourceVersionDate "2005.11.24"]
[SourceQuality "1"]

1. d4 d5 2. c4 c6 3. Nf3 Nf6 4. Nc3 e6 5. e3 Nbd7 6. Qc2 Bd6 7. Be2 0-0 8. 0-0 Re8 9. Rd1 Qe7 10. b3 dxc4 11. bxc4 b6 12. e4 e5 13. d5 Bb7 14. Bg5 Rac8 15. dxc6 1/2-1/2

[Event "Alpenpokal op 30th"]
[Site "Tiefenbach"]
[Date "2004.??.??"]
[Round "1"]
[White "Woell, Josef"]
[Black "Boeven, Manfred"]
[Result "0-1"]
[WhiteElo "1878"]
[BlackElo "2020"]
[PlyCount "134"]
[EventDate "2004.01.08"]
[EventType "swiss"]
[EventRounds "9"]
[EventCountry "GER"]
[SourceTitle "EXT 2006"]
[Source "ChessBase"]
[SourceDate "2005.11.24"]
[SourceVersion "1"]
[SourceVersionDate "2005.11.24"]
[SourceQuality "1"]

1. d4 d5 2. Bg5 h6 3. Bf4 Bf5 4. e3 e6 5. Nd2 Nf6 6. c4 c6 7. Ngf3 Nbd7 8. c5 Be7 9. Be2 0-0 10. 0-0 Ne4 11. Nxe4 Bxe4 12. b4 a6 13. a4 Bf6 14. Bd6 Re8 15. Ne5 Be7 16. Bxe7 Qxe7 17. Nxd7 Qxd7 18. Qb3 e5 19. Rad1 Qf5 20. Bd3 exd4 21. Bxe4 Rxe4 22. Rxd4 Rxd4 23. exd4 Re8 24. b5 axb5 25. axb5 Qf4 26. bxc6 bxc6 27. Qa4 Qf6 28. f3 Re3 29. Rd1 Qg6 30. Kf2 Rc3 31. Rd2 Qf6 32. Qb4 Qh4+ 33. Kf1 Rc1+ 34. Ke2 Qxh2 35. Kd3 Qf4 36. Qb2 Qf5+ 37. Ke2 Qe6+ 38. Kd3 Qf5+ 39. Ke2 Qe6+ 40. Kd3 Qg6+ 41. Ke3 Rg1 42. Qc2 Qg5+ 43. Kd3 h5 44. Re2 g6 45. Qd2 Qxd2+ 46. Rxd2 Re1 47. Kc3 Kg7 48. Rb2 g5 49. Rb6 Re6 50. Kd3 h4 51. Rb7 Kg6 52. Rd7 f5 53. Rd8 g4 54. fxg4 fxg4 55. Rg8+ Kf5 56. Rh8 Kg5 57. Rg8+ Kf4 58. Rg7 Kg3 59. Rg5 h3 60. gxh3 Kxh3 61. Rh5+ Kg2 62. Re5 Rf6 63. Ke2 g3 64. Re7 Kg1 65. Re5 g2 66. Re8 Rf4 67. Re6 Kh2 0-1

[Event "Alpenpokal op 30th"]
[Site "Tiefenbach"]
[Date "2004.??.??"]
[Round "8"]
[White "Woell, Josef"]
[Black "Meyer, Gerd1111"]
[Result "1-0"]
[WhiteElo "1878"]
[BlackElo "1982"]
[PlyCount "81"]
[EventDate "2004.01.08"]
[EventType "swiss"]
[EventRounds "9"]
[EventCountry "GER"]
[SourceTitle "EXT 2006"]
[Source "ChessBase"]
[SourceDate "2005.11.24"]
[SourceVersion "1"]
[SourceVersionDate "2005.11.24"]
[SourceQuality "1"]

1. d4 d5 2. Bg5 f6 3. Bh4 Nh6 4. e3 Nf5 5. Bd3 h5 6. Bxf5 Bxf5 7. f4 e6 8. Nf3 Be7 9. Qe2 Nc6 10. c3 g5 11. fxg5 fxg5 12. Bg3 h4 13. Be5 Rh7 14. h3 g4 15. hxg4 Bxg4 16. Qd3 Bf5 17. Qb5 Bd6 18. Qxb7 Na5 19. Qb5+ c6 20. Qa6 Bxe5 21. Nxe5 Qg5 22. Qe2 Nc4 23. Nxc4 dxc4 24. Nd2 Qg3+ 25. Qf2 Qxf2+ 26. Kxf2 Bd3 27. b4 Kd7 28. Nf3 Rf8 29. Rh3 Kd6 30. Rah1 a5 31. bxa5 Ra7 32. Rxh4 Rxa5 33. Rh8 Rxa2+ 34. Kg3 Rxh8 35. Rxh8 Rc2 36. Ne5 Rxc3 37. Rc8 Be4 38. Kf4 Bxg2 39. Rg8 Bf1 40. Rg7 Rc2 41. Rd7# 1-0

[Event "Alpenpokal op 28th"]
[Site "Oberstdorf"]
[Date "2002.??.??"]
[Round "2"]
[White "Walther, Diethelm"]
[Black "Woell, Josef"]
[Result "1-0"]
[WhiteElo "2101"]
[BlackElo "1756"]
[PlyCount "133"]
[EventDate "2002.01.12"]
[EventType "swiss"]
[EventRounds "9"]
[EventCountry "GER"]
[SourceTitle "EXT 2003"]
[Source "ChessBase"]
[SourceDate "2002.11.25"]
[SourceVersion "1"]
[SourceVersionDate "2002.11.25"]
[SourceQuality "1"]

1. d4 d5 2. Bg5 h6 3. Bh4 Qd6 4. Qd2 Qb6 5. c3 Nf6 6. f3 Bf5 7. g4 Bh7 8. Nh3 g5 9. Bg3 e6 10. Nf2 Nbd7 11. h4 Rg8 12. hxg5 hxg5 13. Bg2 c5 14. e4 cxd4 15. cxd4 Bg6 16. Nc3 dxe4 17. fxe4 Qa5 18. 0-0 Rd8 19. Rad1 Bb4 20. Rfe1 Nb6 21. a3 Bxc3 22. bxc3 Nc4 23. Qe2 b5 24. Qf3 Nd7 25. Bf1 Rc8 26. d5 Nce5 27. Bxe5 Nxe5 28. Qf6 Qxc3 29. Kg2 Nd3 30. Qxc3 Nf4+ 31. Kg1 Rxc3 32. Bxb5+ Ke7 33. d6+ Kf6 34. Rc1 Rg3+ 35. Kf1 e5 36. Red1 Rd8 37. Rc7 Rxa3 38. Re7 Ne6 39. Re8 a6 40. Rxd8 Nxd8 41. Bd7 Rb3 42. Bf5 Rb4 43. Rd5 Rd4 44. Rxd4 exd4 45. Nd3 Bxf5 46. gxf5 Nb7 47. d7 a5 48. Nc5 Nd8 49. Ke2 Ke5 50. Kf3 f6 51. Ne6 Kd6 52. Nxd8 Kxd7 53. Nb7 a4 54. Nc5+ Kd6 55. Nxa4 Ke5 56. Nc5 Kd6 57. Nd3 Ke7 58. Kg4 Kd6 59. Kh5 Ke7 60. Kg4 Kd6 61. Kf3 Ke7 62. Nf2 Kf7 63. Ng4 Ke7 64. Ke2 Kf7 65. Kd3 Ke7 66. Kxd4 Kf7 67. Kd5 1-0

[Event "Alpenpokal op 28th"]
[Site "Oberstdorf"]
[Date "2002.??.??"]
[Round "5"]
[White "Woell, Josef"]
[Black "Martino Gross, Peter"]
[Result "0-1"]
[WhiteElo "1756"]
[BlackElo "1963"]
[PlyCount "114"]
[EventDate "2002.01.12"]
[EventType "swiss"]
[EventRounds "9"]
[EventCountry "GER"]
[SourceTitle "EXT 2003"]
[Source "ChessBase"]
[SourceDate "2002.11.25"]
[SourceVersion "1"]
[SourceVersionDate "2002.11.25"]
[SourceQuality "1"]

1. d4 Nf6 2. Bg5 Ne4 3. Bh4 c5 4. f3 g5 5. fxe4 gxh4 6. d5 Bg7 7. c3 d6 8. Nd2 Nd7 9. Ngf3 Ne5 10. h3 Ng6 11. e3 Bd7 12. Bd3 b5 13. 0-0 c4 14. Bc2 Qb6 15. Qe2 0-0 16. Nd4 e6 17. Kh1 Rae8 18. Qf2 Be5 19. Qf3 Qd8 20. a4 a6 21. axb5 axb5 22. Qh5 exd5 23. exd5 Bg7 24. Qf3 Qg5 25. Ne4 Qe5 26. Ra7 f5 27. Ng5 f4 28. Bxg6 hxg6 29. Rxd7 Qxg5 30. exf4 Qg3 31. Ne6 Rf7 32. Rxf7 Kxf7 33. f5 Qxf3 34. fxg6+ Kxg6 35. Rxf3 Be5 36. Kg1 Ra8 37. Rf1 Ra2 38. Rb1 Kf5 39. Nc7 b4 40. Nb5 Ra5 41. Nc7 bxc3 42. bxc3 Bxc3 43. Kf1 Ke4 44. Rc1 Ra1 45. Rxa1 Bxa1 46. Ke2 Bc3 47. Nb5 Bb4 48. Nc7 Ba5 49. Ne6 Kxd5 50. Ng5 Bd8 51. Nf3 Bf6 52. Ke3 Kc5 53. Kd2 d5 54. Kc2 d4 55. Ne1 Kd5 56. Kd2 Ke4 57. Nf3 c3+ 0-1

[Event "Tuebingen-ch 55th"]
[Site "Tuebingen"]
[Date "1996.??.??"]
[Round "?"]
[White "Schmidt, Olaf"]
[Black "Woell, Josef"]
[Result "1/2-1/2"]
[WhiteElo "2070"]
[BlackElo "1805"]
[PlyCount "34"]
[EventDate "1996.??.??"]
[EventType "swiss"]
[EventRounds "9"]
[EventCountry "GER"]
[SourceTitle "EXT 1999"]
[Source "ChessBase"]
[SourceDate "1998.11.16"]
[SourceVersion "1"]
[SourceVersionDate "1998.11.16"]
[SourceQuality "1"]

1. e4 c5 2. Nf3 Nc6 3. d4 cxd4 4. Nxd4 g6 5. Nxc6 bxc6 6. Qd4 f6 7. Bc4 Qa5+ 8. Bd2 Qe5 9. Qxe5 fxe5 10. Bc3 Bg7 11. f4 Nh6 12. h3 e6 13. 0-0 0-0 14. g3 d5 15. Bd3 exf4 16. Bxg7 Kxg7 17. Rxf4 Bd7 1/2-1/2